000 00677nam a2200253Ia 4500
003 OSt
005 20220924130736.0
006 a|||||r|||| 00| 0
007 ta
008 220923b |||||||| |||| 00| 0 urd d
020 _c12
024 _a321292
037 _cTextual
040 _aARTS
_cARTS
_burd
041 _2urd
_aurd
082 _aQ7:51, 168L8
100 _aAslahi Mohammad Inayatullah Au.
_9200674
245 0 _aMujahid ki azan
260 _aU.P
_bMaktaba-e-zakri India
_c1978
300 _a366p.
_ccm.
650 _aISLAM
_9577
942 _hQ7:51, 168L8
_cTEXL
_2CC
999 _c425346
_d425346